Splinter Cell Games - Statistics

General Stats
  • This quiz has been taken 83 times
  • The average score is 6 of 7
Answer Stats
Released Title % Correct
2013 Tom Clancy's Splinter Cell: Blacklist
94%
2005 Tom Clancy's Splinter Cell: Chaos Theory
92%
2010 Tom Clancy's Splinter Cell: Conviction
92%
2002 Tom Clancy's Splinter Cell
90%
2006 Tom Clancy's Splinter Cell: Double Agent
89%
2004 Tom Clancy's Splinter Cell: Pandora Tomorrow
85%
2006 Tom Clancy's Splinter Cell: Essentials
36%
No matching quizzes found
Score Distribution
Percent of People with Each Score
Percentile by Number Answered
Your Score History
You have not taken this quiz